Top 20 Países más Anchos que Altos - Estadísticas

Estadísticas generales
  • Esta prueba ha sido intentada 2.062 veces
  • La puntuación promedio es 10 de 20
Estadísticas de respuestas
Relación Continente País % Correcto
2.26 Europa Rusia
90%
1.80 América del Norte Estados Unidos
89%
2.39 América del Norte Cuba
75%
2.14 Asia Mongolia
74%
1.76 Asia Kazajistán
66%
2.58 Asia Turquía
60%
1.85 Asia Nepal
59%
2.56 América del Norte Jamaica
57%
2.96 África Gambia
46%
2.06 Europa Eslovaquia
45%
2.04 América del Norte Honduras
45%
2.08 América del Norte El Salvador
43%
1.85 Asia Bután
42%
2.22 Asia Kirguistán
41%
1.78 África República Centroafricana
40%
1.76 Europa República Checa
39%
1.77 Asia Georgia
28%
2.04 Asia Chipre
24%
2.36 Asia Timor Oriental
17%
2.09 África Guinea-Bissau
14%
No se encontraron pruebas coincidentes
Distribución de puntuación
Porcentaje de gente con cada puntuación
Porcentaje por número respondido
Historial de tus puntuaciones
No has intentado esta prueba.